Heaven Can Wait /

Cuando muere, un hombre toca a las puertas del infierno. Satán le explica que no tiene los méritos suficientes para purgar sus penas ahí. Para tratar de convencerlo, el hombre le narra su intensa y disoluta vida, con énfasis en sus relaciones con las mujeres, desde su madre hasta las más variadas am...

Descripció completa

Guardat en:
Dades bibliogràfiques
Autor principal: Lubitsch, Ernst (realización)
Altres autors: Raphaelson, Samson (guión) (guión), Cronjager, Edward (fotógrafo) (fotógrafo), Hubert, René (vestuario) (vestuario), Spencer, Dorothy (montaje) (montaje), Newman, Alfred (música) (música), Tierney, Gene (actuación) (actuación), Ameche, Don (actuación) (actuación), Coburn, Charles (actuación) (actuación), Paul, William (texto del folleto) (texto del folleto)
Format: Diapositiva
Idioma:anglès
Publicat: Los Angeles, EUA : Twentieth Century Fox, 1943, c1971
Col·lecció:(Criterion Collection ; 291)
Matèries:
Etiquetes: Afegir etiqueta
Sense etiquetes, Sigues el primer a etiquetar aquest registre!

MARC

LEADER 00000ngm^a2200000^a^4500
001 000289493
005 20251020000000.0
009 20260310111939.974
020 |a 1-55940-961-4 
037 |a Acervo ITESO - Biblioteca 
041 |a ING 
082 |a 808. 8  |b CRI V. 291 
100 |a Lubitsch, Ernst  |e (realización) 
240 1 4 |a [El diablo dijo no] 
245 1 0 |a Heaven Can Wait /  |c Realización de E. Lubitsch. 
246 2 |a Título en México: El diablo dijo no 
264 4 |a Los Angeles, EUA :  |b Twentieth Century Fox,  |c 1943, c1971 
264 2 |a Nueva York, EUA :  |b Criterion Collection [distribución],  |c 2005, c2005 
300 |a 1 DVD región 1 (113 min.) :  |b color +  |e 1 cuadríptico 
336 |a imagen móvil bidimensional  |b tdi  |2 rdacontenido 
337 |a video  |b v  |2 rdamedio 
338 |a videodisco  |b vd  |2 rdasoporte 
440 1 |a (Criterion Collection ;  |v 291) 
500 |a Basado en: Birthday, de Leslie Bush-Fekete 
520 |a Cuando muere, un hombre toca a las puertas del infierno. Satán le explica que no tiene los méritos suficientes para purgar sus penas ahí. Para tratar de convencerlo, el hombre le narra su intensa y disoluta vida, con énfasis en sus relaciones con las mujeres, desde su madre hasta las más variadas amantes, sin dejar de lado su largo y feliz, pero a veces tormentoso matrimonio. 
546 |a En inglés, con subtítulos opcionales: inglés 
586 |a Premio Oscar, de la Academia Norteamericana de Cine (16°: 1943): Mejor Película (finalista) 
586 |a Premio Oscar, de la Academia Norteamericana de Cine (16°: 1943): Mejor Dirección (finalista: Ernst Lubitsch) 
649 |a XX 
650 |a Cineastas Alemanes 
650 |a Diablo en el Cine 
650 |a Cine Fantástico 
650 |a Comedias Románticas 
650 |a Comedias Cinematográficas 
650 |a Cine en Blanco y Negro -  |z EUA 
650 |a Cine Norteamericano -  |y 1940-1949 
650 |a Cine Norteamericano -  |y Siglo XX 
650 |a Teatro Húngaro -  |x Adaptaciones para Cine 
650 |a Literatura Húngara -  |y Siglo XX -  |x Adaptaciones para Cine 
650 |a Literatura y Cine 
650 |a Infidelidad 
650 |a Matrimonio 
650 |a Relaciones de Pareja 
650 |a Relaciones Intergénero 
650 |a Infierno en el Cine 
650 |a Vida después de la Muerte 
650 |a Bien y Mal 
740 0 |a "Heaven Can Wait" /  |c Texto del cuadríptico de W. Paul. 
700 |a Raphaelson, Samson  |e (guión) 
700 |a Cronjager, Edward  |e (fotógrafo) 
700 |a Hubert, René  |e (vestuario) 
700 |a Spencer, Dorothy  |e (montaje) 
700 |a Newman, Alfred  |e (música) 
700 |a Tierney, Gene  |e (actuación) 
700 |a Ameche, Don  |e (actuación) 
700 |a Coburn, Charles  |e (actuación) 
700 |a Paul, William  |e (texto del folleto) 
910 |a Fondo General 
920 |a Audiovisuales - DVDs 
940 |a Películas 
905 |a 308 
901 |a 0500160406  |b IT2  |c DVR  |u 20250521 
901 |a 0500160405  |b IT2  |c MIN  |u 20251020 
902 |a https://opac.biblio.iteso.mx/vufind/Record/000289493